000 003110000a22001450004500
003 MACL
040 _aMACL
090 _c33193
_d33191
100 _aSasser, Susan B
245 _aFix Your Own LAN
260 _bBPB Publications
_c1994
350 _a270
650 _aComputer Science
942 _cBOOK
_k004.6/SAS
999 _c32845
_d32845